Science Quiz

Random Science or Animal Quiz

Wild Cat Ranges Quiz Stats

 Plays Quiz Updated Oct 25, 2018

Support Sporcle.
Go Orange.
Score 0/16 Timer 10:00
0 Plays Today
% Correct
Canada lynx
(Lynx canadensis)
85.6%
Eurasian lynx
(Lynx lynx)
78.5%
bobcat
(Lynx rufus)
76.5%
lion
(Panthera leo)
65.9%
tiger
(Panthera tigris)
63.9%
sand cat
(Felis margarita)
62.8%
snow leopard
(Panthera uncia)
54.9%
Pampas cat
(Leopardus colocola)
54.7%
% Correct
cougar
(Puma concolor)
52.8%
clouded leopard
(Neofelis nebulosa)
50.5%
jaguar
(Panthera onca)
46.7%
caracal
(Caracal caracal)
46.4%
Sunda clouded leopard
(Neofelis diardi)
45.2%
ocelot
(Leopardus pardalis)
45%
leopard
(Panthera pardus)
43.2%
cheetah
(Acinonyx jubatus)
42.1%

You're not logged in!

Compare scores with friends on all Sporcle quizzes.
OR
Log In

From the Vault

'B' Countries

by bleedblue552

Every time you guess 'Byrgyzstan' a Sporcle angel gets its wings.
Remove Ads.
Support Sporcle.
Get the best of Sporcle when you Go Orange. This ad-free experience offers more features, more stats, and more fun while also helping to support Sporcle. Thank you for becoming a member.

Show Comments

Extras

Top Quizzes Today


Score Distribution

Your Account Isn't Verified!

In order to create a playlist on Sporcle, you need to verify the email address you used during registration. Go to your Sporcle Settings to finish the process.

Report this User

Report this user for behavior that violates our Community Guidelines.

Details: